000 01714nam a22004697a 4500
001 11185381
005 20150521160751.0
008 740425c19739999ii mr p 0 0eng
010 _a 74929509
016 _a101261874
_2DNLM
022 _a0304-4289
030 _aPRAMCI
035 _a(OCoLC)ocm01797824
037 _b(c/o Indian Academy of Sciences) 560006
040 _aDLC
_cDLC
_dOCoLC
_dDLC
_dOCoLC
_dOCoLC
_dAIP
_dNST
_dAIP
_dNST
_dAIP
_dNST
_dMCM
_dInU
_dOCoLC
_dDLC
_dCU-S
_dDNLM
_dMCM
042 _alc
050 _aQC1
_b.P8835
082 _a530
210 _aPramāṇa
222 _aPramāṇa
245 _aPramana
_bjournal of physics
246 _aPramāṇa journal of physics
260 _aBangalore
_bIndian Academy of Science
_c2008-
300 _av.
_bill.
_c26 cm.
310 _aMonthly
362 _aBegan with issue for July 1973.
_zCf. New serial titles.
500 _a"A journal of physics."
510 _aChemical abstracts
_x0009-2258
530 _aAlso issued online.
550 _aPublished by the Indian Academy of Sciences, the Indian Physics Association and the Indian National Science Academy.
590 _aSERBIB/SERLOC merged record
650 _aPhysics
_vPeriodicals.
710 _aIndian Academy of Sciences.
710 _aIndian Physics Association.
710 _aIndian National Science Academy.
776 _tPramāṇa (Online)
_w(DLC) 2003252208
_w(OCoLC)51300167
906 _a7
_bcbc
_cserials
_d4
_encip
_f19
_gn-oclcserc
942 _2ddc
_cSR
_h530
_mPRA
_s1
999 _c22546
_d22546